| 000 | 00595cab a2200241 4500 | ||
|---|---|---|---|
| 001 | ABS46948 | ||
| 008 | 090401t1992 xxu||||| |||| 00| 0 eng d | ||
| 035 | _a(Sirsi) u60195 | ||
| 041 | _aeng | ||
| 245 | _aLyon, Marseille and Lille | ||
| 260 | _c1992 | ||
| 350 | _a0 | ||
| 490 |
_aEstates Europe _v1(5) August 1992, 7-15(9) |
||
| 520 | _aReviews the markets of these rivals to the French capital. | ||
| 650 | _aFRANCE | ||
| 650 | _aLILLE | ||
| 650 | _aLYON | ||
| 650 | _aMARSEILLE | ||
| 650 | _aPROPERTY MARKET | ||
| 690 | _aOVERSEAS-EUROPE | ||
| 942 | _n0 | ||
| 948 | _c04/03/1997 | ||
| 999 |
_c37086 _d37086 |
||